000 02308cam a22002894a 4500
001 113822
005 20230410115910.0
008 050106s2006 nyu 001 0 eng
035 _a13832321
010 _a 2005041497
020 _a014303667X
020 _a9780143036678
040 _aDLC
_cDLC
_dDLC
042 _apcc
050 1 4 _aHQ 503
_bC775m 2006
082 0 0 _a306.81
100 1 _aCoontz, Stephanie.
245 1 0 _aMarriage, a history :
_bhow love conquered marriage /
_cStephanie Coontz.
260 _aNew York :
_bPenguin Books,
_c2006.
300 _axi, 432 p. ;
_c21 cm.
500 _aOriginally published: New York : Viking, 2005.
505 _apt. 1. In search of traditional marriage. -- The radical idea of marrying for love -- The many meanings of marriage -- The invention of marriage -- pt. 2. The era of political marriage. -- Soap operas of the ancient world -- Something borrowed : the marital legacy of the classical world and early Christianity -- Playing the bishop, capturing the queen : aristocratic marriages in early medieval Europe -- How the other 95 percent wed : marriage among the common folk of the middle ages -- Something old, something new : Western European marriage at the dawn of the modern age -- pt. 3. The love revolution. -- From yoke mates to soul mates : emergence of the love match and the male provider marriage -- "Two birds within one nest" : sentimental marriage in nineteenth-century Europe and North America -- "A heaving volcano" : beneath the surface of Victorian marriage -- "The time when mountains move has come" : from sentimental to sexual marriage -- Making do, then making babies : marriage in the Great Depression and World War II -- The era of Ozzie and Harriet : the long decade of "traditional" marriage -- pt. 4. Courting disaster? : the collapse of universal and lifelong marriage. -- Winds of change : marriage in the 1960s and 1970s -- The perfect storm : the transformation of marriage at the end of the twentieth century -- Uncharted territory : how the transformation of marriage is changing our lives -- Conclusion : Better or worse? the future of marriage.
650 0 _aMarriage
_xHistory.
650 4 _aMatrimonio
_xHistoria.
650 4 _aPrimera Jornada de Catalogación.
942 _2lcc
_cbk
999 _c50106
_d50106